000 00746nam a2200241 4500
001 178320
003 ES-MaACL
005 20250902225546.0
008 110525s2009 sp aco |||| |dspa d
020 _a978-84-96515-98-7
080 _a78.036
100 1 _aPablo, Luis de,
_d1930-
_988085
245 1 4 _aUna historia de la música contemporánea /
_cLuis de Pablo.
250 _a1ª ed.
260 _aBilbao :
_bFundación BBVA,
_c2009.
300 _a93 p. :
_bil., fot. ;
_c21 cm.
650 7 _aMúsica-
_yS.XX.
_915401
710 2 _aFundación BBVA
_94230
852 4 _aES-MaACL
_9185179
_bR.145646
_jA-11241
_cDEPO1
_dOlim: N-4245
942 _2udc
_cMONOGRAFIA
999 _c178320
_d178320